| 000 | 00971nam a2200313Ia 4500 | ||
|---|---|---|---|
| 001 | H5674 | ||
| 003 | IT-RoPAU | ||
| 008 | 130308s9999 xx 000 0 und d | ||
| 040 | _aIT-RoPAU | ||
| 040 | _cIT-RoPAU | ||
| 041 | _aITALIANO | ||
| 100 | _aGreimas Algirdas Julien | ||
| 100 | _gCodice Aut. SPICS: 5822 | ||
| 245 | _aCranach: la bellezza femminile | ||
| 245 | _bSemiotiche della Pittura. I Classici. Le Ricerche | ||
| 250 | _a1a ed. | ||
| 260 | _aROMA | ||
| 260 | _bMeltemi | ||
| 260 | _c2004 [1° Ed.:2004 - Ed.Ling.Originale:2004] | ||
| 300 | _a"10 p. (prefazione: no ; testo: 10 [pagine: 39-48])" | ||
| 500 | _aLettura Iconografica. Lettura Iconologica. Le Due Estetiche. Narrativa Plastica. La Natura delle Categorie Plastiche. nella Quiete dell'Universo. | ||
| 650 | _aSEMIOLOGIA | ||
| 650 | _eCodice materia Spics: 3251 | ||
| 700 | _aKeane Teresa | ||
| 700 | _gCodice Aut. SPICS: 55354 | ||
| 942 | _cBK | ||
| 957 | _71 | ||
| 999 |
_c78155 _d78155 |
||
| 999 | _g1 | ||